[Event "42. Abierto Ciudad de Sevilla 2017"]
[Site "Sevilla ESP"]
[Date "2017.01.13"]
[Round "1.1"]
[White "Gentes Benito, Angel"]
[Black "Parligras, Mircea"]
[Result "0-1"]
[WhiteElo "1858"]
[BlackElo "2605"]
[PlyCount "50"]
[EventDate "2017.01.13"]
[EventType "swiss"]
[EventRounds "9"]
[EventCountry "ESP"]
[SourceTitle "Ajedrez en Madrid"]
[Source "lmi"]
[SourceDate "2017.01.13"]

1. e4 c5 2. Nf3 d6 3. c3 Nf6 4. Be2 Bg4 5. O-O e6 6. Re1 Be7 7. d4 cxd4 8. cxd4
d5 9. e5 Nfd7 10. Nc3 Nc6 11. Be3 O-O 12. a3 Rc8 13. Qd2 Na5 14. Ra2 Nc4 15.
Qc2 Nxe3 16. fxe3 Nb6 17. Bd3 g6 18. Qf2 Nc4 19. Nd1 Qb6 20. b4 a5 21. Bxc4
Rxc4 22. Nd2 Rc1 23. bxa5 Qxa5 24. Nb3 Qxe1+ 25. Qxe1 Rxd1 0-1

[Event "42. Abierto Ciudad de Sevilla 2017"]
[Site "Sevilla ESP"]
[Date "2017.01.13"]
[Round "1.2"]
[White "Santos Latasa, Jaime"]
[Black "Gil Belizon, Diego"]
[Result "1-0"]
[WhiteElo "2566"]
[BlackElo "1850"]
[PlyCount "77"]
[EventDate "2017.01.13"]
[EventType "swiss"]
[EventRounds "9"]
[EventCountry "ESP"]
[SourceTitle "Ajedrez en Madrid"]
[Source "lmi"]
[SourceDate "2017.01.13"]

1. d4 d5 2. c4 c6 3. Nf3 Nf6 4. Qb3 dxc4 5. Qxc4 Nbd7 6. g3 Nb6 7. Qd3 g6 8.
Nc3 Be6 9. Bg2 Bg7 10. O-O O-O 11. Rd1 Qd7 12. e4 Rfd8 13. Qc2 Bg4 14. b3 Bxf3
15. Bxf3 Qh3 16. Bg2 Qh5 17. Bb2 Rac8 18. h3 Ne8 19. e5 Nc7 20. Ne4 Nd7 21. f4
Nd5 22. Qf2 Qf5 23. Re1 Nf8 24. h4 Qd7 25. Nc5 Qc7 26. f5 f6 27. Bh3 b6 28. Nd3
gxf5 29. e6 f4 30. gxf4 Ng6 31. Re4 f5 32. Bxf5 Nf6 33. Re2 Nh5 34. Rf1 c5 35.
Bxg6 hxg6 36. Qg2 Rxd4 37. Qxg6 Nxf4 38. Nxf4 Qd6 39. Nh5 1-0

[Event "42. Abierto Ciudad de Sevilla 2017"]
[Site "Sevilla ESP"]
[Date "2017.01.13"]
[Round "1.3"]
[White "Pozo Prior, Jose Antonio"]
[Black "Lopez Martinez, Josep Manuel"]
[Result "0-1"]
[WhiteElo "1847"]
[BlackElo "2552"]
[PlyCount "60"]
[EventDate "2017.01.13"]
[EventType "swiss"]
[EventRounds "9"]
[EventCountry "ESP"]
[SourceTitle "Ajedrez en Madrid"]
[Source "lmi"]
[SourceDate "2017.01.13"]

1. e4 c5 2. Nf3 e6 3. d4 cxd4 4. Nxd4 Nf6 5. Nc3 d6 6. Bg5 h6 7. Bh4 Be7 8. Be2
a6 9. O-O Nbd7 10. Nb3 b5 11. a3 Bb7 12. Bd3 Rc8 13. f4 O-O 14. Kh1 e5 15. f5
Re8 16. Rf3 d5 17. Bxf6 Nxf6 18. exd5 Rxc3 19. bxc3 e4 20. Bxe4 Nxe4 21. Qe2
Bg5 22. Qd3 Bxd5 23. Rd1 Nf6 24. Rg3 Qa8 25. Rg1 Bf4 26. Nd4 Bxg3 27. hxg3 h5
28. Nf3 Bxf3 29. Qxf3 Qxf3 30. gxf3 Re3 0-1

[Event "42. Abierto Ciudad de Sevilla 2017"]
[Site "Sevilla ESP"]
[Date "2017.01.13"]
[Round "1.4"]
[White "Saric, Ante"]
[Black "Salguero Roldan, Francisco"]
[Result "1-0"]
[WhiteElo "2542"]
[BlackElo "1844"]
[PlyCount "37"]
[EventDate "2017.01.13"]
[EventType "swiss"]
[EventRounds "9"]
[EventCountry "ESP"]
[SourceTitle "Ajedrez en Madrid"]
[Source "lmi"]
[SourceDate "2017.01.13"]

1. Nf3 d5 2. d4 Nf6 3. c4 e6 4. g3 Be7 5. Bg2 dxc4 6. Qa4+ Bd7 7. Qxc4 Bc6 8.
Nc3 O-O 9. O-O b6 10. Bf4 Bd6 11. Rac1 Bxf4 12. gxf4 Qd6 13. e3 a6 14. Rfd1 b5
15. Qf1 Nbd7 16. Ne5 Bxg2 17. Qxg2 Nd5 18. Nxd5 exd5 19. Rc6 1-0

[Event "42. Abierto Ciudad de Sevilla 2017"]
[Site "Sevilla ESP"]
[Date "2017.01.13"]
[Round "1.5"]
[White "Murillo Montes, Antonio"]
[Black "Kogan, Arthur"]
[Result "0-1"]
[WhiteElo "1844"]
[BlackElo "2530"]
[PlyCount "84"]
[EventDate "2017.01.13"]
[EventType "swiss"]
[EventRounds "9"]
[EventCountry "ESP"]
[SourceTitle "Ajedrez en Madrid"]
[Source "lmi"]
[SourceDate "2017.01.13"]

1. e4 c5 2. Nc3 Nc6 3. d3 e6 4. Be2 d5 5. Nf3 Nf6 6. Bg5 Be7 7. exd5 exd5 8.
O-O h6 9. Bh4 d4 10. Bxf6 Bxf6 11. Ne4 Be7 12. Re1 O-O 13. a3 Be6 14. h3 b5 15.
Nh2 Rb8 16. Kh1 c4 17. Bf3 Ne5 18. Ng5 Bxg5 19. Rxe5 Qd6 20. Re2 Rfc8 21. Bg4
f5 22. Qe1 Bd7 23. Bh5 g6 24. Bf3 c3 25. b4 Re8 26. Qb1 Be6 27. Qg1 Bf7 28.
Rae1 Rxe2 29. Rxe2 a5 30. bxa5 Qxa3 31. Re1 Qxa5 32. Ra1 Qc7 33. g4 Kh8 34. Qg2
b4 35. Bd5 b3 36. Bxf7 bxc2 37. Ba2 c1=Q+ 38. Rxc1 Bxc1 39. gxf5 Bg5 40. Qe4 c2
41. fxg6 c1=Q+ 42. Kg2 Q1f4 0-1

[Event "42. Abierto Ciudad de Sevilla 2017"]
[Site "Sevilla ESP"]
[Date "2017.01.13"]
[Round "1.18"]
[White "Campora, Daniel H"]
[Black "Martin Rodriguez, Jose Maria"]
[Result "1-0"]
[WhiteElo "2443"]
[BlackElo "1820"]
[PlyCount "103"]
[EventDate "2017.01.13"]
[EventType "swiss"]
[EventRounds "9"]
[EventCountry "ESP"]
[SourceTitle "Ajedrez en Madrid"]
[Source "lmi"]
[SourceDate "2017.01.13"]

1. e4 d5 2. exd5 Qxd5 3. Nc3 Qd8 4. d4 Bf5 5. Qf3 Bc8 6. Bc4 Nf6 7. Nge2 c6 8.
Bg5 Bg4 9. Qe3 Bxe2 10. Bxe2 e6 11. Bxf6 Qxf6 12. O-O-O Bd6 13. g3 O-O 14. Ne4
Qe7 15. f4 Nd7 16. c4 Nf6 17. Nxf6+ Qxf6 18. Bd3 h5 19. h4 Bc7 20. Kb1 Rfd8 21.
Be4 Rd7 22. Rd3 Rad8 23. Rhd1 a6 24. a3 g6 25. Ka1 a5 26. Bf3 Kh7 27. Be4 Kg8
28. Qd2 Qg7 29. Qc3 Qf6 30. Ka2 Rb8 31. Qb3 Rdd8 32. d5 exd5 33. cxd5 cxd5 34.
Bxd5 b5 35. Rc3 Rd7 36. Bxf7+ Rxf7 37. Rxc7 a4 38. Qxf7+ Qxf7+ 39. Rxf7 Kxf7
40. Rd4 Kf6 41. Kb1 Kf5 42. Rd5+ Kf6 43. b3 b4 44. bxa4 bxa3+ 45. Ka2 Rb2+ 46.
Kxa3 Rg2 47. Rg5 Rg1 48. a5 Ra1+ 49. Kb4 Rb1+ 50. Kc5 Ra1 51. Kb6 Rb1+ 52. Rb5
1-0

[Event "42. Abierto Ciudad de Sevilla 2017"]
[Site "Sevilla ESP"]
[Date "2017.01.14"]
[Round "2.1"]
[White "Parligras, Mircea"]
[Black "Olivera Gutierrez*, Albert"]
[Result "1-0"]
[WhiteElo "2605"]
[BlackElo "2091"]
[PlyCount "65"]
[EventDate "2017.01.13"]
[EventType "swiss"]
[EventRounds "9"]
[EventCountry "ESP"]
[SourceTitle "Ajedrez en Madrid"]
[Source "lmi"]
[SourceDate "2017.01.13"]

1. d4 Nf6 2. c4 g6 3. Nc3 d5 4. cxd5 Nxd5 5. e4 Nxc3 6. bxc3 Bg7 7. Nf3 c5 8.
h3 O-O 9. Be3 Qa5 10. Bd2 Nc6 11. Be2 Rd8 12. O-O Qc7 13. Be3 cxd4 14. cxd4 e6
15. Rc1 Qe7 16. Qa4 Bd7 17. Qb3 Na5 18. Qc3 b6 19. Ba6 Bc6 20. Qd3 Qd7 21. Bg5
f6 22. Bh4 Nb7 23. e5 Nc5 24. dxc5 Qxd3 25. Bxd3 Rxd3 26. exf6 Bxf3 27. fxg7
Bd5 28. Bf6 b5 29. c6 Rc8 30. c7 Bxa2 31. Ra1 Rd2 32. Rxa2 Rxa2 33. Rd1 1-0

[Event "42. Abierto Ciudad de Sevilla 2017"]
[Site "Sevilla ESP"]
[Date "2017.01.14"]
[Round "2.2"]
[White "Ballon, Guenther"]
[Black "Santos Latasa, Jaime"]
[Result "0-1"]
[WhiteElo "2093"]
[BlackElo "2566"]
[PlyCount "80"]
[EventDate "2017.01.13"]
[EventType "swiss"]
[EventRounds "9"]
[EventCountry "ESP"]
[SourceTitle "Ajedrez en Madrid"]
[Source "lmi"]
[SourceDate "2017.01.13"]

1. d4 f5 2. e4 fxe4 3. Nc3 Nf6 4. Bg5 Nc6 5. d5 Ne5 6. Qe2 c6 7. Bxf6 gxf6 8.
Qxe4 Qb6 9. Na4 Qa5+ 10. Nc3 cxd5 11. Qxd5 Qxd5 12. Nxd5 Kf7 13. f4 Nc6 14.
O-O-O e6 15. Nc3 Bb4 16. Nge2 f5 17. g3 d5 18. Nb5 Bd7 19. c3 Be7 20. Nbd4 Bf6
21. Nf3 Rhg8 22. Kb1 a6 23. c4 Ne7 24. Ned4 Rgd8 25. Be2 Rac8 26. cxd5 Nxd5 27.
Rc1 Ne3 28. Rxc8 Bxc8 29. Nc2 Ng4 30. Rd1 Bd7 31. Bc4 b5 32. Bf1 Ke7 33. Rd2
Bg7 34. Bg2 Bc6 35. Rxd8 Kxd8 36. Ng5 Bxg2 37. Nxe6+ Ke7 38. Nxg7 Be4 39. Kc1
Kf7 40. h3 Nf6 0-1

[Event "42. Abierto Ciudad de Sevilla 2017"]
[Site "Sevilla ESP"]
[Date "2017.01.14"]
[Round "2.3"]
[White "Lopez Martinez, Josep Manuel"]
[Black "Fernandez Montero, Francisco M"]
[Result "1-0"]
[WhiteElo "2552"]
[BlackElo "2088"]
[PlyCount "63"]
[EventDate "2017.01.13"]
[EventType "swiss"]
[EventRounds "9"]
[EventCountry "ESP"]
[SourceTitle "Ajedrez en Madrid"]
[Source "lmi"]
[SourceDate "2017.01.13"]

1. Nf3 f5 2. c4 Nf6 3. g3 d6 4. Bg2 e5 5. O-O Be7 6. d3 Nc6 7. Nc3 O-O 8. Rb1
a5 9. a3 Qe8 10. b4 axb4 11. axb4 Qh5 12. b5 Nd8 13. Nd5 Nxd5 14. cxd5 Nf7 15.
b6 cxb6 16. Rxb6 Ra6 17. Rb4 Ng5 18. Bxg5 Bxg5 19. Qb3 Bf6 20. Rc1 e4 21. dxe4
fxe4 22. Rxe4 Bf5 23. Rec4 Qe8 24. e3 Qa8 25. Nd4 Ra3 26. Qb4 Bd3 27. R4c3 Rxc3
28. Qxc3 Ba6 29. Bh3 Qe8 30. Be6+ Kh8 31. Qb4 Qd8 32. Nf5 1-0

[Event "42. Abierto Ciudad de Sevilla 2017"]
[Site "Sevilla ESP"]
[Date "2017.01.14"]
[Round "2.4"]
[White "Prieto, Ernesto"]
[Black "Saric, Ante"]
[Result "0-1"]
[WhiteElo "2082"]
[BlackElo "2542"]
[PlyCount "98"]
[EventDate "2017.01.13"]
[EventType "swiss"]
[EventRounds "9"]
[EventCountry "ESP"]
[SourceTitle "Ajedrez en Madrid"]
[Source "lmi"]
[SourceDate "2017.01.13"]

1. e4 c5 2. Nf3 e6 3. d4 cxd4 4. Nxd4 Nc6 5. Nc3 Qc7 6. Be3 a6 7. Qd2 Nf6 8. f3
Be7 9. O-O-O b5 10. Kb1 Bb7 11. g4 Nxd4 12. Bxd4 O-O 13. g5 Nh5 14. Ne2 Rac8
15. Rc1 f5 16. gxf6 Bxf6 17. Bh3 Bxd4 18. Nxd4 Nf4 19. Bf1 d5 20. Bd3 Rcd8 21.
exd5 Bxd5 22. Qe3 Qc5 23. Rhg1 Qxd4 24. Qxd4 Bxa2+ 25. Kxa2 Rxd4 26. Rg4 Ra4+
27. Kb1 Nxd3 28. cxd3 Rxf3 29. Rxa4 bxa4 30. Rc6 Rxd3 31. Rxa6 Rh3 32. Rxa4
Rxh2 33. b4 Rd2 34. b5 Rd8 35. b6 Rb8 36. Rb4 Kf7 37. Ka2 Ke7 38. Ka3 Kd6 39.
Ka4 Kc6 40. Rg4 g6 41. Rh4 h5 42. Re4 Rxb6 43. Rxe6+ Kc5 44. Re7 Kd5 45. Rg7
Ke5 46. Ka5 Re6 47. Kb5 Kf4 48. Kc4 g5 49. Kd5 Re8 0-1

[Event "42. Abierto Ciudad de Sevilla 2017"]
[Site "Sevilla ESP"]
[Date "2017.01.14"]
[Round "2.5"]
[White "Kogan, Arthur"]
[Black "Malinovsky, Ilya"]
[Result "1-0"]
[WhiteElo "2530"]
[BlackElo "2071"]
[PlyCount "57"]
[EventDate "2017.01.13"]
[EventType "swiss"]
[EventRounds "9"]
[EventCountry "ESP"]
[SourceTitle "Ajedrez en Madrid"]
[Source "lmi"]
[SourceDate "2017.01.13"]

1. e4 e6 2. d4 d5 3. e5 c5 4. Nf3 cxd4 5. Qxd4 Qc7 6. Nc3 a6 7. Bf4 Ne7 8. Qd2
Nd7 9. Bd3 Nc5 10. O-O Bd7 11. Rfe1 b5 12. b4 Nb7 13. a4 bxa4 14. Nxa4 Bb5 15.
Bxb5+ axb5 16. Nc3 Rxa1 17. Rxa1 Qc4 18. Ra8+ Nd8 19. Nd4 Nec6 20. Bg5 Kd7 21.
Ncxb5 Bxb4 22. Qf4 Rf8 23. Bxd8 Nxd4 24. Nxd4 Bc5 25. Ba5 Qa4 26. g3 Rxa8 27.
Qxf7+ Be7 28. Qxe6+ Ke8 29. Nf5 1-0

[Event "42. Abierto Ciudad de Sevilla 2017"]
[Site "Sevilla ESP"]
[Date "2017.01.15"]
[Round "3.1"]
[White "Melero Fidalgo, Juan De Dios"]
[Black "Parligras, Mircea"]
[Result "0-1"]
[WhiteElo "2340"]
[BlackElo "2605"]
[PlyCount "76"]
[EventDate "2017.01.13"]
[EventType "swiss"]
[EventRounds "9"]
[EventCountry "ESP"]
[SourceTitle "Ajedrez en Madrid"]
[Source "lmi"]
[SourceDate "2017.01.13"]

1. e4 e5 2. Nf3 Nc6 3. Bb5 a6 4. Ba4 d6 5. d4 exd4 6. Nxd4 Bd7 7. Bxc6 bxc6 8.
O-O Be7 9. Nc3 Bf6 10. Qd3 Ne7 11. f4 O-O 12. Nf3 Ng6 13. Ne2 Re8 14. Ng3 Rb8
15. c3 c5 16. a4 a5 17. Nd2 Bc6 18. Nc4 Bh4 19. e5 dxe5 20. Qxd8 Rbxd8 21. Nxa5
Ba8 22. fxe5 Rxe5 23. Bf4 Nxf4 24. Rxf4 Bg5 25. Rf5 Rxf5 26. Nxf5 Rd2 27. g3
Rg2+ 28. Kf1 Rxh2 29. Re1 Rh1+ 30. Kf2 Rxe1 31. Kxe1 Be4 32. Nh4 Bc1 33. Nb3
Bxb2 34. Kd2 Ba3 35. g4 g6 36. a5 Bb7 37. Na1 c4 38. Nc2 Be7 0-1

[Event "42. Abierto Ciudad de Sevilla 2017"]
[Site "Sevilla ESP"]
[Date "2017.01.15"]
[Round "3.2"]
[White "Santos Latasa, Jaime"]
[Black "Piasetski, Leon"]
[Result "1-0"]
[WhiteElo "2566"]
[BlackElo "2327"]
[PlyCount "91"]
[EventDate "2017.01.13"]
[EventType "swiss"]
[EventRounds "9"]
[EventCountry "ESP"]
[SourceTitle "Ajedrez en Madrid"]
[Source "lmi"]
[SourceDate "2017.01.13"]

1. d4 g6 2. c4 Bg7 3. e4 Nc6 4. Nf3 e5 5. Bg5 f6 6. Be3 exd4 7. Nxd4 Nge7 8.
Nc3 d6 9. c5 dxc5 10. Nxc6 Nxc6 11. Bxc5 Bf8 12. Be3 Bd6 13. Bc4 Ne5 14. Be2 c6
15. O-O Qe7 16. f4 Bc5 17. Bxc5 Qxc5+ 18. Kh1 Nf7 19. Qb3 Qe7 20. Bc4 b5 21.
Bxf7+ Qxf7 22. Qb4 Qe7 23. a3 a5 24. Qd4 Kf7 25. f5 Rd8 26. Qe3 Kg7 27. fxg6
hxg6 28. Ne2 Bd7 29. Nd4 c5 30. Nf3 Be8 31. Rae1 c4 32. e5 f5 33. e6 Rd5 34.
Rd1 Rad8 35. Rxd5 Rxd5 36. Re1 b4 37. axb4 axb4 38. h3 Qf6 39. Qa7+ Kh6 40. Qb8
Qe7 41. Qf4+ g5 42. Qxc4 Qc5 43. Qe2 g4 44. hxg4 Bb5 45. g5+ Kg7 46. e7 1-0

[Event "42. Abierto Ciudad de Sevilla 2017"]
[Site "Sevilla ESP"]
[Date "2017.01.15"]
[Round "3.4"]
[White "Saric, Ante"]
[Black "Lopez Gonzalez, Daniel"]
[Result "1-0"]
[WhiteElo "2542"]
[BlackElo "2307"]
[PlyCount "63"]
[EventDate "2017.01.13"]
[EventType "swiss"]
[EventRounds "9"]
[EventCountry "ESP"]
[SourceTitle "Ajedrez en Madrid"]
[Source "lmi"]
[SourceDate "2017.01.13"]

1. d4 Nf6 2. c4 g6 3. Nc3 Bg7 4. e4 d6 5. Be2 O-O 6. Nf3 e5 7. dxe5 dxe5 8.
Qxd8 Rxd8 9. Bg5 Re8 10. Nd5 Nxd5 11. cxd5 c6 12. Bc4 cxd5 13. Bxd5 Nd7 14. Nd2
Nb6 15. Bb3 Be6 16. Be3 Rac8 17. Ke2 Nc4 18. Nxc4 Bxc4+ 19. Kf3 a6 20. Bxc4
Rxc4 21. Rac1 Rec8 22. Rxc4 Rxc4 23. Rd1 h5 24. Rd8+ Kh7 25. Rd7 Rb4 26. b3 a5
27. Bd2 Rb6 28. Bxa5 Rf6+ 29. Ke2 Rc6 30. Rc7 Rxc7 31. Bxc7 f6 32. Kd3 1-0

[Event "42. Abierto Ciudad de Sevilla 2017"]
[Site "Sevilla ESP"]
[Date "2017.01.15"]
[Round "3.5"]
[White "Kogan, Arthur"]
[Black "Montero Melendez, Rafael"]
[Result "0-1"]
[WhiteElo "2530"]
[BlackElo "2304"]
[PlyCount "66"]
[EventDate "2017.01.13"]
[EventType "swiss"]
[EventRounds "9"]
[EventCountry "ESP"]
[SourceTitle "Ajedrez en Madrid"]
[Source "lmi"]
[SourceDate "2017.01.13"]

1. e4 e5 2. Nf3 Nc6 3. Bc4 Bc5 4. c3 Nf6 5. d3 a6 6. O-O Ba7 7. a4 d6 8. Na3
O-O 9. Bg5 h6 10. Bh4 g5 11. Nxg5 hxg5 12. Bxg5 Kg7 13. Qf3 Be6 14. Nc2 Nb8 15.
Ne3 Nbd7 16. Qg3 Rg8 17. Bxe6 fxe6 18. f4 Nh5 19. Qh3 Bxe3+ 20. Qxe3 exf4 21.
Bxf4 Qe8 22. e5 Qg6 23. exd6 Kh7 24. Bg5 cxd6 25. h4 Ne5 26. Qb6 Rg7 27. Rae1
Qxd3 28. Rd1 Qg3 29. Qxd6 Rag8 30. Qxe6 Rxg5 31. hxg5 Qe3+ 32. Kh2 Nf3+ 33.
gxf3 Qxe6 0-1

[Event "42. Abierto Ciudad de Sevilla 2017"]
[Site "Sevilla ESP"]
[Date "2017.01.17"]
[Round "5.1"]
[White "Burmakin, Vladimir"]
[Black "Deepan, Chakkravarthy J"]
[Result "1/2-1/2"]
[WhiteElo "2526"]
[BlackElo "2485"]
[PlyCount "78"]
[EventDate "2017.01.13"]
[EventType "swiss"]
[EventRounds "9"]
[EventCountry "ESP"]
[SourceTitle "Ajedrez en Madrid"]
[Source "lmi"]
[SourceDate "2017.01.13"]

1. Nf3 Nf6 2. g3 g6 3. b3 Bg7 4. Bb2 O-O 5. Bg2 d5 6. c4 e6 7. O-O b6 8. cxd5
exd5 9. d4 Bb7 10. Nc3 Nbd7 11. Rc1 a6 12. Rc2 Re8 13. Qc1 Ne4 14. Rd1 f5 15.
Ne5 Nxe5 16. Nxe4 Ng4 17. Ng5 Bh6 18. h4 Rc8 19. Qd2 Qe7 20. Bc1 Nf6 21. Qe1
Bg7 22. Nh3 Ne4 23. Nf4 Bf6 24. e3 Qf7 25. Ba3 c5 26. dxc5 bxc5 27. f3 Nd6 28.
Rxc5 Nb5 29. Rxc8 Rxc8 30. Bb4 d4 31. exd4 Nxd4 32. Qf2 Rd8 33. Rd2 Qc7 34. Kh1
Kf7 35. Ba3 Qa5 36. Bc1 Qc7 37. Ba3 Qa5 38. Bc1 Qc7 39. Ba3 Qa5 1/2-1/2

[Event "42. Abierto Ciudad de Sevilla 2017"]
[Site "Sevilla ESP"]
[Date "2017.01.17"]
[Round "5.2"]
[White "Petkov, Vladimir"]
[Black "Stany, G.A."]
[Result "0-1"]
[WhiteElo "2500"]
[BlackElo "2485"]
[PlyCount "128"]
[EventDate "2017.01.13"]
[EventType "swiss"]
[EventRounds "9"]
[EventCountry "ESP"]
[SourceTitle "Ajedrez en Madrid"]
[Source "lmi"]
[SourceDate "2017.01.13"]

1. d4 Nf6 2. c4 g6 3. g3 Bg7 4. Bg2 d5 5. cxd5 Nxd5 6. e4 Nb6 7. Ne2 O-O 8. O-O
Nc6 9. d5 Na5 10. Nbc3 c6 11. b3 cxd5 12. exd5 Bg4 13. Bd2 e6 14. dxe6 Nc6 15.
Be3 fxe6 16. Qxd8 Raxd8 17. Rac1 Nd5 18. Bc5 Rf7 19. h3 Bf3 20. Bxf3 Rxf3 21.
Ne4 Bh6 22. Rcd1 b6 23. Ba3 Rf7 24. N2c3 Bg7 25. Nxd5 exd5 26. Ng5 Rfd7 27. Ne6
Re8 28. Nxg7 Kxg7 29. Rd2 Kf7 30. Rc1 Re6 31. Kg2 d4 32. Rc4 Rd5 33. Rdc2 d3
34. Rd2 Re2 35. Rf4+ Ke6 36. Rd1 Rxa2 37. Bf8 d2 38. Bg7 Na5 39. b4 Nb3 40.
Rf6+ Kd7 41. Rf3 Nc1 42. Bh6 Rc2 43. Rf7+ Kc6 44. Rxa7 Na2 45. Ra3 g5 46. b5+
Kxb5 47. Rb3+ Kc6 48. h4 Nc3 49. Rxc3+ Rxc3 50. Bxg5 Rc2 51. Kf3 b5 52. Ke2 b4
53. Rxd2 b3 54. Rxc2+ bxc2 55. Bd2 Kb5 56. g4 Kc4 57. f4 Kb3 58. Bc1 Rd1 59.
Be3 Rh1 60. f5 Rh2+ 61. Ke1 Rxh4 62. f6 Rh3 63. Bc1 Rh1+ 64. Kd2 Rd1+ 0-1

[Event "42. Abierto Ciudad de Sevilla 2017"]
[Site "Sevilla ESP"]
[Date "2017.01.17"]
[Round "5.4"]
[White "Santos Latasa, Jaime"]
[Black "Harutjunyan, Gevorg"]
[Result "1/2-1/2"]
[WhiteElo "2566"]
[BlackElo "2437"]
[PlyCount "79"]
[EventDate "2017.01.13"]
[EventType "swiss"]
[EventRounds "9"]
[EventCountry "ESP"]
[SourceTitle "Ajedrez en Madrid"]
[Source "lmi"]
[SourceDate "2017.01.13"]

1. d4 Nf6 2. c4 g6 3. Nc3 Bg7 4. e4 d6 5. f3 O-O 6. Be3 c5 7. dxc5 dxc5 8. Qxd8
Rxd8 9. Bxc5 Nc6 10. Be3 b6 11. Rc1 Nd7 12. Nh3 Nc5 13. Nf4 e6 14. Be2 a5 15.
O-O a4 16. Nb5 Bxb2 17. Rcd1 Rxd1 18. Rxd1 a3 19. Nd3 Nxd3 20. Bxd3 e5 21. Bxb6
Be6 22. Bc5 Ra4 23. Nd6 Nb4 24. Bb1 Nc6 25. Bc2 Ra5 26. Nb7 Ra8 27. Nd6 Na5 28.
Bd3 Rd8 29. Rd2 Bc1 30. Rc2 Bb2 31. Be2 Nb3 32. Bb4 Nd4 33. Rd2 Bc1 34. Rxd4
exd4 35. Bd3 Rb8 36. Nb5 f5 37. e5 Rc8 38. Nd6 Rb8 39. Nb5 Rc8 40. Nd6 1/2-1/2

[Event "42. Abierto Ciudad de Sevilla 2017"]
[Site "Sevilla ESP"]
[Date "2017.01.18"]
[Round "6.2"]
[White "Ulybin, Mikhail"]
[Black "Burmakin, Vladimir"]
[Result "1/2-1/2"]
[WhiteElo "2483"]
[BlackElo "2526"]
[PlyCount "116"]
[EventDate "2017.01.13"]
[EventType "swiss"]
[EventRounds "9"]
[EventCountry "ESP"]
[SourceTitle "Ajedrez en Madrid"]
[Source "lmi"]
[SourceDate "2017.01.13"]

1. e4 c6 2. Ne2 d5 3. e5 Bf5 4. Ng3 Bg6 5. h4 h5 6. d4 e6 7. Be2 c5 8. c3 Nc6
9. Bb5 Qb6 10. Bxc6+ bxc6 11. dxc5 Bxc5 12. Qe2 Qb5 13. Qxb5 cxb5 14. Nd2 Ne7
15. Nb3 Bb6 16. Nd4 b4 17. Bd2 Bd3 18. Nge2 bxc3 19. Bxc3 Ng6 20. Nf3 Be4 21.
Rh3 Rc8 22. Rd1 Bxf3 23. Rxf3 Nxh4 24. Rh3 Ng6 25. g3 Kd7 26. f3 Ne7 27. Kd2 g6
28. Kd3 Nc6 29. Rh4 Rhd8 30. Ra4 Ke8 31. f4 Ne7 32. Bd4 Nf5 33. Bxb6 axb6 34.
Rb4 Rc6 35. Rg1 Kd7 36. Nc3 Rh8 37. Ne2 Kc7 38. Rh1 Ra8 39. a3 Kb7 40. Rg1 Rac8
41. Nc3 Rc4 42. Rxc4 Rxc4 43. b3 Rd4+ 44. Ke2 Kc6 45. Rc1 Kd7 46. Nb5 Nxg3+ 47.
Kf2 Rd3 48. Rc7+ Ke8 49. Nd6+ Kd8 50. Rxf7 Ne4+ 51. Nxe4 dxe4 52. Rf6 Kd7 53.
Rxg6 Rxb3 54. Rg7+ Kc6 55. Re7 Rf3+ 56. Ke2 Rxf4 57. Rxe6+ Kd5 58. Rxb6 Kxe5
1/2-1/2

[Event "42. Abierto Ciudad de Sevilla 2017"]
[Site "Sevilla ESP"]
[Date "2017.01.18"]
[Round "6.4"]
[White "Karthikeyan, P."]
[Black "Perez Mitjans, Orelvis"]
[Result "1-0"]
[WhiteElo "2488"]
[BlackElo "2427"]
[PlyCount "53"]
[EventDate "2017.01.13"]
[EventType "swiss"]
[EventRounds "9"]
[EventCountry "ESP"]
[SourceTitle "Ajedrez en Madrid"]
[Source "lmi"]
[SourceDate "2017.01.13"]

1. Nf3 c5 2. c4 Nf6 3. Nc3 g6 4. d4 cxd4 5. Nxd4 Bg7 6. e4 d6 7. Be2 O-O 8. Be3
Nc6 9. O-O Bd7 10. Qd2 Nxd4 11. Bxd4 Bc6 12. f3 Nd7 13. Be3 a5 14. b3 Nc5 15.
Rab1 Be5 16. Rfc1 e6 17. Bg5 f6 18. Be3 Qe7 19. Bf1 f5 20. Bg5 Qc7 21. exf5
Rxf5 22. Ne2 Raf8 23. Ng3 Bxg3 24. hxg3 Bxf3 25. Bf4 Ne4 26. Qd4 Nxg3 27. Qxd6
1-0

[Event "42. Abierto Ciudad de Sevilla 2017"]
[Site "Sevilla ESP"]
[Date "2017.01.19"]
[Round "7.2"]
[White "Moroni, Luca Jr"]
[Black "Parligras, Mircea"]
[Result "1-0"]
[WhiteElo "2468"]
[BlackElo "2605"]
[PlyCount "59"]
[EventDate "2017.01.13"]
[EventType "swiss"]
[EventRounds "9"]
[EventCountry "ESP"]
[SourceTitle "Ajedrez en Madrid"]
[Source "lmi"]
[SourceDate "2017.01.13"]

1. c4 e5 2. Nc3 Nf6 3. Nf3 Nc6 4. a3 g6 5. g3 Bg7 6. Bg2 O-O 7. O-O d6 8. d3 h6
9. b4 e4 10. dxe4 Nxe4 11. Nxe4 Bxa1 12. b5 Ne7 13. Bg5 Bg7 14. Bf6 Bf5 15. Qa1
Bxe4 16. Bxg7 Nf5 17. Bf6 Qd7 18. g4 Ne7 19. h3 Kh7 20. Ng5+ hxg5 21. Bxe4 d5
22. cxd5 Ng8 23. Bxg5 Qxb5 24. Bf3 Qd7 25. Rc1 Rac8 26. Qd4 f6 27. Bf4 Ne7 28.
Qxa7 g5 29. Bh2 c6 30. Rb1 1-0